000 00275nam a22001337a 4500
008 190205b xxu||||| |||| 00| 0 eng d
020 _a9780131449565
041 _aeng
080 _a573
100 _a11
101 _aBIO
245 _aBiology
_cKrogh, D
942 _2udc
_cBK
999 _c54084
_d54084